[Event "Moscow (m/7) 83/369"]
[Site "?"]
[Date "2001.??.??"]
[Round "?"]
[White "Kramnik, Vladimir"]
[Black "Kasparov, Garry"]
[Result "1/2-1/2"]
[WhiteElo "2809"]
[BlackElo "2838"]
[PlyCount "122"]
[EventDate "2001.??.??"]
[Source "Chess Informant"]
[SourceDate "2001.10.01"]

1. d4 d5 2. c4 c6 3. Nf3 Nf6 4. Nc3 a6 5. a4 e6 6. Bg5 Nbd7 7. a5 h6 8. Bxf6 Nxf6 9. c5 g6 10. Qc2 Bg7 11. e4 dxe4 12. Nxe4 Nxe4 13. Qxe4 Qd5 14. Qc2 e5 15. Bc4 Bf5 16. Qe2 Qe4 17. Nxe5 Bxe5 18. Qxe4 Bxe4 19. dxe5 Rd8 20. f3 Bd5 21. Rc1 Bxc4 22. Rxc4 Rd5 23. f4 Ke7 24. O-O Rhd8 25. h3 Rd4 26. Rfc1 Ke6 27. R1c3 g5 28. Rxd4 Rxd4 29. Rb3 Rxf4 30. Rxb7 Rc4 31. Rb6 Rxc5 32. Rxa6 Kxe5 33. b4 Rb5 34. Rxc6 Rxb4 35. Rxh6 Ra4 36. Ra6 Kf4 37. Rf6+ Ke5 38. Ra6 Kf4 39. Rf6+ Ke5 40. Rxf7 Rxa5 41. Kf2 Ra3 42. Rf3 Ra4 43. Rf8 Rb4 44. Kf3 Ke6 45. g4 Rb3+ 46. Kg2 Rb2+ 47. Kg3 Rb3+ 48. Rf3 Rxf3+ 49. Kxf3 Kf7 50. Ke3 Ke7 51. Kd3 Kd7 52. Ke2 Ke6 53. Kf3 Kf7 54. Ke3 Ke7 55. Kd3 Kd7 56. Kc3 Kc7 57. Kd2 Kd6 58. Ke3 Ke7 59. Kf2 Kf6 60. Kg3 Kg7 61. Kf3 Kf7 1/2-1/2

[Event "Astana 81/302"]
[Site "?"]
[Date "2001.??.??"]
[Round "?"]
[White "Gelfand, B."]
[Black "Morozevich, A."]
[Result "1-0"]
[WhiteElo "2712"]
[BlackElo "2749"]
[PlyCount "71"]
[EventDate "2001.??.??"]
[Source "Chess Informant"]
[SourceDate "2001.02.01"]

1. d4 d5 2. c4 c6 3. Nc3 Nf6 4. Nf3 a6 5. a4 Bf5 6. Qb3 Ra7 7. a5 e6 8. Qb6 Qxb6 9. axb6 Ra8 10. c5 Nbd7 11. e3 Be7 12. Be2 O-O 13. Nd2 e5 14. O-O Rfe8 15. Nb3 Bf8 16. Bd2 Bc2 17. Na5 exd4 18. exd4 Nxc5 19. dxc5 d4 20. Bf3 dxc3 21. Bxc3 Ne4 22. Rfc1 Bd3 23. Nxb7 Rab8 24. Bxe4 Rxe4 25. Rd1 Be2 26. Rd7 Bg4 27. Rc7 Rc4 28. Rxa6 h5 29. Ra7 Be6 30. Rxc6 Bd5 31. Rc7 Re8 32. h3 Rf4 33. Nd6 Re2 34. f3 Rxg2+ 35. Kxg2 Rxf3 36. Kg1 1-0

[Event "Linares"]
[Site "?"]
[Date "1997.??.??"]
[Round "?"]
[White "Kramnik, Vladimir"]
[Black "Gelfand, B."]
[Result "1/2-1/2"]
[WhiteElo "2740"]
[BlackElo "2700"]
[PlyCount "29"]
[EventDate "1997.??.??"]
[Source "ChessBase"]
[SourceDate "1997.02.01"]

1. d4 d5 2. c4 c6 3. Nf3 Nf6 4. Nc3 a6 5. a4 e6 6. g3 dxc4 7. Bg2 c5 8. O-O cxd4 9. Nxd4 Nbd7 10. Nc2 Qc7 11. Qd4 Bc5 12. Qh4 Be7 13. Na3 Ne5 14. Bf4 h6 15. Bxe5 1/2-1/2

[Event "Match dei candidati 2007"]
[Site "Elista RUS"]
[Date "2007.06.07"]
[Round "2.2"]
[White "Gelfand, B."]
[Black "Kamsky, G."]
[Result "1/2-1/2"]
[WhiteElo "2733"]
[BlackElo "2705"]
[PlyCount "103"]
[EventDate "2007.05.27"]
[Source "www.chesslib.no"]
[SourceDate "2004.05.04"]

1. d4 d5 2. c4 c6 3. Nc3 Nf6 4. Nf3 a6 5. a4 e6 6. Bg5 Nbd7 7. e3 Qa5 8. cxd5 exd5 9. Bd3 Ne4 10. O-O Nxg5 11. Nxg5 Be7 12. f4 Nf6 13. Qc2 h6 14. Nf3 Be6 15. Ne5 Rd8 16. h3 h5 17. Nf3 Kf8 18. Ng5 Bd7 19. Rae1 Qb4 20. Na2 Qb6 21. b4 a5 22. bxa5 Qxa5 23. Rb1 Qa7 24. Nc3 Rh6 25. Qb3 Rb8 26. Nf3 Be8 27. Ne5 Bd6 28. Rf2 Ng8 29. Rfb2 Ne7 30. Qc2 Kg8 31. Nf3 Bd7 32. Rb3 c5 33. Nb5 Bxb5 34. Rxb5 cxd4 35. exd4 Bxf4 36. Qb3 Rc6 37. Rxb7 Rc1+ 38. Kf2 Rxb1 39. Rxb8+ Qxb8 40. Qxb1 Bg3+ 41. Ke2 Qe8 42. Qb5 Nc6+ 43. Kd2 Bf4+ 44. Kc3 Qd7 45. a5 g5 46. a6 g4 47. hxg4 hxg4 48. Ne5 Nxe5 49. Qxd7 Nxd7 50. a7 Nb6 51. Bb5 Bd6 52. Bc6 1/2-1/2

[Event "Biel"]
[Site "?"]
[Date "2004.??.??"]
[Round "?"]
[White "Ponomariov, R."]
[Black "Bacrot, E."]
[Result "1-0"]
[WhiteElo "2720"]
[BlackElo "2710"]
[PlyCount "139"]
[EventDate "2004.??.??"]
[Source "Chess Informant"]
[SourceDate "2004.06.01"]

1. d4 d5 2. c4 c6 3. Nf3 Nf6 4. Nc3 a6 5. a4 e6 6. g3 dxc4 7. Bg5 Nbd7 8. Bg2 h6 9. Bxf6 Qxf6 10. a5 Bb4 11. O-O O-O 12. Qa4 Qe7 13. Rfd1 Rb8 14. Qa2 c5 15. d5 exd5 16. Nxd5 Qxe2 17. Nxb4 cxb4 18. Rd2 Qe7 19. Qxc4 Nf6 20. Rd4 b5 21. Qxb4 Qxb4 22. Rxb4 Bb7 23. Rd4 Rfd8 24. Rad1 Rxd4 25. Nxd4 Bxg2 26. Kxg2 Rd8 27. Kf3 Nd7 28. Ke2 Ne5 29. Nf5 Re8 30. Kf1 Nc6 31. Rd6 Nxa5 32. Rxa6 Nc4 33. b4 Re5 34. Nd4 Rd5 35. Nc6 Kh7 36. Ra7 Rd6 37. Ne7 Ne5 38. Rb7 Nf3 39. h4 Nd4 40. h5 Rd8 41. Kg2 Rd6 42. g4 Kh8 43. f4 g6 44. hxg6 fxg6 45. Kg3 Re6 46. Rd7 Ne2+ 47. Kf3 Nd4+ 48. Rxd4 Rxe7 49. Rd6 Kg7 50. Rb6 Re1 51. Rxb5 Rf1+ 52. Ke4 Re1+ 53. Kd4 Rd1+ 54. Ke5 Re1+ 55. Kd6 Re4 56. g5 h5 57. Rb7+ Kg8 58. b5 h4 59. Re7 Rxe7 60. Kxe7 h3 61. b6 h2 62. b7 h1=Q 63. b8=Q+ Kg7 64. Qf8+ Kh7 65. Qf7+ Kh8 66. Kf8 Qa8+ 67. Qe8 Qb7 68. Qe5+ Kh7 69. Qe7+ Kh8 70. Qf6+ 1-0

[Event "Corr"]
[Site "?"]
[Date "2002.01.15"]
[Round "?"]
[White "Rause Mrs.Olita (LAT)"]
[Black "Elwert Hans-Marcus (GER)"]
[Result "1/2-1/2"]
[WhiteElo "2708"]
[BlackElo "2687"]
[PlyCount "33"]
[EventDate "2002.??.??"]
[Source "www.chesslib.no"]
[SourceDate "2004.05.04"]

1. d4 d5 2. c4 c6 3. Nf3 Nf6 4. Nc3 a6 5. a4 e6 6. Bg5 Nbd7 7. a5 Bb4 8. Qa4 Be7 9. e3 O-O 10. Be2 h6 11. Bh4 b5 12. axb6 Nxb6 13. Qa2 Nxc4 14. Bxc4 dxc4 15. O-O Nd7 16. Bxe7 Qxe7 17. Qxc4 1/2-1/2

[Event "Selfoss"]
[Site "?"]
[Date "2003.??.??"]
[Round "?"]
[White "Sokolov, I."]
[Black "Malakhov, V."]
[Result "1/2-1/2"]
[WhiteElo "2695"]
[BlackElo "2696"]
[PlyCount "64"]
[EventDate "2003.??.??"]
[Source "Chess Informant"]
[SourceDate "2003.10.01"]

1. d4 d5 2. c4 c6 3. Nf3 Nf6 4. Nc3 a6 5. c5 Nbd7 6. h3 Qc7 7. Bg5 h6 8. Bh4 Nh5 9. g4 g5 10. gxh5 gxh4 11. e4 dxe4 12. Nxe4 Bg7 13. Bc4 Nf6 14. Nc3 Qf4 15. Qe2 Bf5 16. Rg1 O-O 17. Qe3 Nxh5 18. Ne5 Kh7 19. Ne2 Qxe3 20. fxe3 Bxe5 21. dxe5 Rad8 22. Nd4 e6 23. Rf1 Bg6 24. O-O-O Ng3 25. Rf4 Nf5 26. Nxf5 Rxd1+ 27. Kxd1 Bxf5 28. Rxh4 Rd8+ 29. Ke1 Kg7 30. b4 Rd7 31. a4 Kg6 32. Be2 Kg5 1/2-1/2

[Event "Sarajevo 81/306"]
[Site "?"]
[Date "2001.??.??"]
[Round "?"]
[White "Topalov, V."]
[Black "Georgiev, Ki"]
[Result "1/2-1/2"]
[WhiteElo "2707"]
[BlackElo "2676"]
[PlyCount "76"]
[EventDate "2001.??.??"]
[Source "Chess Informant"]
[SourceDate "2001.02.01"]

1. Nf3 Nf6 2. c4 c6 3. d4 d5 4. Nc3 a6 5. c5 Nbd7 6. Bf4 Nh5 7. e3 g6 8. Bd3 Bg7 9. O-O O-O 10. h3 Nxf4 11. exf4 b6 12. cxb6 Qxb6 13. Na4 Qa7 14. Rc1 Bxd4 15. Bxg6 Bxf2+ 16. Rxf2 hxg6 17. Nd4 Bb7 18. f5 Qb8 19. fxg6 fxg6 20. Qg4 Rxf2 21. Qxg6+ Kh8 22. Qh6+ Kg8 23. Qg6+ Kh8 24. Qh5+ Kg8 25. Qg5+ Kf7 26. Qh5+ Kg8 27. Qg4+ Kf7 28. Kxf2 Qd6 29. Nf5 Qg6 30. Qxg6+ Kxg6 31. g4 Kf6 32. Kg3 a5 33. h4 e6 34. Nd6 Ba6 35. Rxc6 Ne5 36. Rb6 Nd7 37. Rc6 Ne5 38. Rb6 Nd7 1/2-1/2

[Event "Linares"]
[Site "?"]
[Date "1994.??.??"]
[Round "?"]
[White "Kamsky, G."]
[Black "Bareev, E."]
[Result "1/2-1/2"]
[WhiteElo "2695"]
[BlackElo "2685"]
[PlyCount "90"]
[EventDate "1994.??.??"]
[Source "ChessBase"]
[SourceDate "1994.02.01"]

1. d4 d5 2. c4 c6 3. Nc3 Nf6 4. Nf3 a6 5. a4 e6 6. g3 dxc4 7. Bg2 c5 8. O-O cxd4 9. Nxd4 Bc5 10. Be3 Qe7 11. Nc2 O-O 12. a5 Nc6 13. Na4 Bxe3 14. Nxe3 Rd8 15. Qe1 Nd4 16. Nb6 Rb8 17. Rd1 e5 18. Nexc4 Bg4 19. Rd2 e4 20. h3 Be6 21. Qd1 Nc6 22. Qa4 Rxd2 23. Nxd2 e3 24. Ndc4 exf2+ 25. Rxf2 Qc7 26. Qa3 Nxa5 27. Qxa5 Bxc4 28. Nxc4 Qxc4 29. Bxb7 Qb3 30. Bf3 Qe6 31. Kg2 Rxb2 32. Rf1 g6 33. Ra1 Rxe2+ 34. Bxe2 Qxe2+ 35. Kg1 Qe3+ 36. Kg2 Qe4+ 37. Kh2 Qe2+ 38. Kg1 Qe3+ 39. Kg2 Ne4 40. Qe1 Qb6 41. Rb1 Qc6 42. Qc1 Qd5 43. Kh2 Kg7 44. Qb2+ Kh6 45. Qc1+ Kg7 1/2-1/2